Czy wymienisz wszystkie pokemony z 1 generacji? - Statystyki

Ogólne statystyki
  • Ten quiz został rozwiązany 567 razy
  • Średni wynik to 69 z 151
Statystyki odpowiedzi
nr. w pokedeksie Odpowiedź % Poprawnych
004 charmander
92%
001 bulbasaur
91%
006 charizard
91%
025 pikachu
89%
007 squirtle
85%
151 mew
81%
005 charmeleon
79%
026 raichu
79%
009 blastoise
78%
002 ivysaur
78%
150 mewtwo
76%
014 kakuna
73%
003 venusaur
73%
016 pidgey
72%
010 caterpie
71%
018 pidgeot
71%
013 weedle
71%
019 rattata
70%
011 metapod
69%
017 pidgeotto
66%
145 zapdos
65%
015 beedrill
64%
144 articuno
63%
133 eevee
63%
020 raticate
63%
146 moltres
62%
149 dragonite
61%
129 magikarp
61%
143 snorlax
61%
012 butterfree
60%
008 wartortle
60%
023 ekans
58%
063 abra
57%
094 gengar
57%
021 spearow
57%
065 alakazam
56%
024 arbok
56%
147 dratini
56%
095 onix
56%
064 kadabra
55%
074 geodude
54%
076 golem
54%
134 vaporeon
54%
022 fearow
53%
092 gastly
53%
148 dragonair
52%
136 flareon
52%
034 nidoking
51%
029 | 032 nidoran
51%
135 jolteon
50%
031 nidoqueen
50%
030 nidorina
49%
033 nidorino
49%
068 machamp
48%
050 diglet
47%
130 gyarados
47%
066 machop
47%
043 oddish
47%
075 graveler
46%
093 haunter
46%
067 machoke
46%
052 meowth
46%
039 jigglypuff
45%
109 koffing
45%
128 tauros
45%
037 vulpix
45%
059 arcanine
44%
069 bellsprout
44%
131 lapras
44%
089 muk
44%
054 psyduck
44%
121 starmie
44%
120 staryu
44%
110 weezing
43%
041 zubat
43%
044 gloom
42%
126 magmar
42%
053 persian
42%
051 dugtrio
41%
077 ponyta
41%
042 golbat
40%
122 mr. mime
40%
088 grimer
39%
097 hypno
39%
124 jynx
39%
038 ninetales
39%
055 golduck
38%
107 hitmonchan
38%
106 hitmonlee
38%
078 rapidash
38%
100 voltorb
38%
035 clefairy
37%
096 drowzee
37%
081 magnemite
37%
125 electabuzz
36%
118 goldeen
36%
027 sandshrew
36%
028 sandslash
36%
123 scyther
36%
040 wigglytuff
36%
116 horsea
35%
056 monkey
35%
046 paras
35%
048 venonat
35%
036 clefable
34%
132 ditto
34%
082 magneton
34%
111 rhyhorn
34%
086 seel
34%
101 electrode
33%
140 kabuto
33%
112 rhydon
33%
119 seeking
33%
049 venomoth
33%
084 doduo
32%
047 parasect
32%
060 poliwag
32%
117 seedra
32%
045 vileplume
32%
113 chansey
31%
057 primeape
31%
070 weepinbell
31%
141 kabutops
30%
061 poliwhirl
30%
079 slowpoke
30%
115 kangaskhan
29%
080 slowbro
29%
073 tentacruel
29%
085 dodrio
28%
062 poliwrath
28%
072 tentacool
28%
104 cubone
27%
098 krabby
27%
127 pinsir
27%
071 victreebel
27%
087 dewgong
26%
105 marowak
26%
138 omanyte
26%
139 omastar
26%
114 tangela
26%
142 aerodactyl
25%
099 kingler
25%
091 cloyster
24%
083 farfetch'd
24%
137 porygon
24%
090 shellder
24%
103 exeggutor
21%
108 lickitung
21%
102 exeggcute
19%
058 growite
3%
Nie znaleziono quizów pasujących do podanych kryteriów
Rozkład punktacji
Procent ludzi z każdym wynikiem
Percentyl według liczby udzielonych odpowiedzi
Twoja historia wyników
Nie rozwiązałeś tego quizu